| 000 | 01231cam a2200289 a 4500 | ||
|---|---|---|---|
| 001 | j 58006602 | ||
| 003 | DLC | ||
| 005 | 20260227111518.0 | ||
| 008 | 990528s1934 ja a 000 0 jpn | ||
| 010 | _aj 58006602 | ||
| 035 | _a(CStRLIN)DCLP99-B6446 | ||
| 040 |
_aDLC-R _cDLC-R _dDLC-R _dDLC |
||
| 043 | _aa-ja--- | ||
| 050 | 0 | 0 | _aLaw |
| 066 | _c$1 | ||
| 100 | 1 |
_6880-01 _aKatsumoto, Masaakira, _d1895-1993. |
|
| 245 | 1 | 0 |
_6880-02 _aHōritsu yori mitaru Nihon bungaku / _cKatsumoto Masaakira cho. |
| 260 |
_6880-03 _aTōkyō : _bGanshōdō, _cShōwa 9 [1934] |
||
| 300 |
_a278 p. : _bill. ; _c20 cm. |
||
| 505 | 0 | _aHōritsu yori mitaru Nihon bungaku -- Shōzō o nusumu -- Bijutsu oyobi bijutsuka no hōritsuteki hogo -- Tetsu no shojo -- Mimoto hoshō ni kansuru hōritsu no tekiyō -- Hōritsu kara mita shō no ichimen -- Seigi no kakaku -- Rōma Daigaku no ichinichi -- Heika kirisage to saiken saimu kankei. | |
| 650 | 0 |
_aLaw _zJapan _xHistory. |
|
| 650 | 0 |
_aLaw _zEurope _xHistory. |
|
| 650 | 0 |
_aLaw in literature _xHistory. |
|
| 880 | 1 |
_6100-01/$1 _a勝本正晃, _d1895-1993. |
|
| 880 | 1 | 0 |
_6245-02/$1 _a法律より見たる日本文學 / _c勝本正晃著. |
| 880 |
_6260-03/$1 _a東京 : _b巖松堂, _c昭和 9 [1934] |
||
| 999 |
_c34877 _d34877 |
||